Book Title by Subtitle Quiz Stats

 Plays Quiz Updated Feb 7, 2012

Challenge
Share
Tweet
Embed
Score 0/12 Timer 04:00
2 Plays Today
Author Title % Correct
HMMoby Dick
91.2%
JRRTThe Hobbit
77.2%
MSFrankenstein
39.5%
KVSlaughterhouse-Five
31.5%
CDOliver Twist
25.6%
VCandide
22.8%
HBSUncle Tom's Cabin
18%
THTess of the d'Urbervilles
13.7%
DSThe Hundred and One Dalmatians
9.9%
EWBrideshead Revisited
8.8%
CMBlood Meridian
6.4%
AHRoots
5.9%

You're not logged in!

Compare scores with friends on all Sporcle quizzes.
OR
Log In

You Might Also Like...

Show Comments

Extras

Top Quizzes Today


Score Distribution

Your Account Isn't Verified!

In order to create a playlist on Sporcle, you need to verify the email address you used during registration. Go to your Sporcle Settings to finish the process.

Report this User

Report this user for behavior that violates our Community Guidelines.

Details: